MARC

Tag First Indicator Second Indicator Subfields
LEADER 00000cam a2200000 a 4500
001 in00001620002
005 20230612205804.9
008 010213s2000 wau 101 0 eng d
020 |a 0819438286 
035 |a (OCoLC)ocm45907016 
040 |a CUS  |c CUS  |d TXA  |d UtOrBLW 
049 |a TXAM 
090 |a GC10.4.R4  |b R46 2000 
245 0 0 |a Remote sensing of the ocean and sea ice 2000 :  |b 28-29 September 2000, Barcelona, Spain /  |c Charles R. Bostater, Jr., Rosalia Santoleri, chairs/editors ; sponsored by EOS--the European Optical Society, SPIE--the International Society for Optical Engineering, [and] NASA--National Aeronautics and Space Administration (USA). 
264 1 |a Bellingham, Wash., USA :  |b SPIE,  |c [2000] 
264 4 |c ©2000 
300 |a ix, 210 pages :  |b illustrations (some color) ;  |c 28 cm. 
336 |a text  |b txt  |2 rdacontent 
337 |a unmediated  |b n  |2 rdamedia 
338 |a volume  |b nc  |2 rdacarrier 
490 1 |a Proceedings EurOpt series 
490 1 |a Proceedings / SPIE--the international society for optical engineering ;  |v v. 4172 
504 |a Includes bibliographical references and index. 
650 0 |a Oceanography  |x Remote sensing  |v Congresses. 
650 0 |a Sea ice  |x Remote sensing  |v Congresses. 
650 0 |a Marine biology  |x Remote sensing  |v Congresses. 
650 0 |a Remote sensing  |v Congresses. 
700 1 |a Bostater, Charles. 
700 1 |a Santoleri, Rosalia. 
710 2 |a European Optical Society. 
710 2 |a Society of Photo-optical Instrumentation Engineers. 
710 1 |a United States.  |b National Aeronautics and Space Administration. 
830 0 |a Europto series. 
830 0 |a Proceedings of SPIE--the International Society for Optical Engineering ;  |v v. 4172. 
856 4 1 |u https://www.spiedigitallibrary.org/conference-proceedings-of-SPIE/4172.toc  |t 0 
948 |a cataloged  |b h  |c 2001/5/25  |d c  |e dmitchel  |f 12:18:12 pm 
994 |a E0  |b TXA 
999 |a MARS 
999 f f |s e60920b4-10d2-335a-81c6-b17b51c4526f  |i c64ccefb-f83e-3675-b55e-1f21c6c83d95  |t 0 
952 f f |p ric  |a Texas A&M University  |b Rellis Campus  |c Joint Library Facility  |d Remote Storage  |t 0  |e GC10.4.R4 R46 2000  |h Library of Congress classification  |i unmediated -- volume  |m A14827710712 
998 f f |a GC10.4.R4 R46 2000  |t 0  |l Remote Storage